[Event "Basses Vallees Angevines op 4th"]
[Site "Cantenay Epinard"]
[Date "2015.12.19"]
[Round "3"]
[White "Deportes, Anouk"]
[Black "Lebreton, Bertrand"]
[Result "1-0"]
[WhiteElo "1565"]
[BlackElo "1180"]
[PlyCount "103"]
[EventDate "2015.12.19"]
[EventType "swiss"]
[EventRounds "5"]
[EventCountry "FRA"]
[SourceTitle "EXT 2019"]
[Source "ChessBase"]
[SourceDate "2018.10.10"]
[SourceVersion "1"]
[SourceVersionDate "2018.10.10"]
[SourceQuality "1"]

1. e4 c5 2. Nf3 Nc6 3. d4 b6 4. c3 Bb7 5. Bd3 e6 6. Bf4 Be7 7. Nbd2 Nf6 8. Nc4 d5 9. exd5 Nxd5 10. Bg3 0-0 11. Ne3 Nxe3 12. fxe3 Bf6 13. 0-0 cxd4 14. exd4 Ne7 15. Qc2 g6 16. Be4 Nd5 17. Qe2 Qe7 18. a3 Bg5 19. Nxg5 Qxg5 20. c4 f5 21. Bf3 Rae8 22. cxd5 exd5 23. Be5 Rc8 24. Rfe1 Rfe8 25. Qb5 Qd8 26. Rac1 Rxc1 27. Rxc1 h5 28. Rc7 Rxe5 29. Rxb7 Re1+ 30. Kf2 Rc1 31. Qxd5+ Qxd5 32. Bxd5+ Kh8 33. b4 g5 34. Rxa7 f4 35. Rf7 Rd1 36. Rf5 Rxd4 37. Rxg5 Rd3 38. a4 Rd4 39. Rxh5+ Kg7 40. b5 Rxa4 41. Bc6 Kg6 42. Rh8 Ra1 43. Rb8 Rh1 44. h3 Kg5 45. Rxb6 Rc1 46. Bf3 Rc2+ 47. Be2 Kf5 48. Rd6 Ke4 49. b6 Rb2 50. Rh6 Ke5 51. Rh5+ Ke4 52. Rb5 1-0